| 000 | 01004nam a2200265Ia 4500 | ||
|---|---|---|---|
| 003 | OSt | ||
| 005 | 20221005110333.0 | ||
| 006 | a|||||r|||| 00| 0 | ||
| 007 | ta | ||
| 008 | 221004b |||||||| |||| 00| 0 hin d | ||
| 020 |
_a9788179759851 (hbk) _cIndian Rupees 995 |
||
| 024 | _a69980 | ||
| 037 |
_bGift, 11/11/2021, _cTextual |
||
| 040 |
_aCRL _cCRL _bhin |
||
| 041 |
_2hin _ahin |
||
| 082 | _aV2:51xN16, 152Q9 | ||
| 100 | _aभारद्वाज, राजकुमार, ले. | ||
| 245 | 0 |
_aदीनदयाल उपाध्याय _b रचना - संचयन |
|
| 246 | _aDīnadayāl upādhyāya: rachanā - sanchayana | ||
| 260 |
_aनई दिल्ली _bअनामिका पब्लिशर्स भारत _c2019 |
||
| 300 |
_a574पृ0 _ccm. |
||
| 650 | _aइतिहास | ||
| 942 |
_hV2:51xN16, 152Q9 _cTEXL _2cc |
||
| 999 |
_c1018491 _d1018491 |
||